[Event "LSS RB-2010-0-00102"]
[Site "LSS email"]
[Date "2011.01.04"]
[Round "?"]
[White "Windheim, Charles"]
[Black "Grego, Luis Jose Gonzaga"]
[Result "1/2-1/2"]
[WhiteElo "1921"]
[BlackElo "1943"]
[PlyCount "130"]
[EventDate "2010.10.24"]
[EventType "tourn (corr)"]
[EventRounds "6"]
[EventCountry "GER"]
[SourceTitle "Telechess CBM 145"]
[Source "Chessbase"]
[SourceDate "2011.11.11"]
[SourceVersion "1"]
[SourceVersionDate "2011.11.11"]
[SourceQuality "1"]

1. e4 c5 2. Nf3 d6 3. d4 cxd4 4. Nxd4 Nf6 5. Nc3 g6 6. Be3 Bg7 7. f3 Nc6 8. Qd2 0-0 9. 0-0-0 d5 10. exd5 Nxd5 11. Nxc6 bxc6 12. Bd4 Nxc3 13. Qxc3 Bh6+ 14. Be3 Bxe3+ 15. Qxe3 Qb6 16. Qxe7 Be6 17. Qa3 Rad8 18. Bd3 Rd5 19. b3 Rfd8 20. Rde1 R5d7 21. Re2 a5 22. Rhe1 a4 23. Qxa4 Ra7 24. Qf4 Rxa2 25. Rxe6 fxe6 26. Qe5 Ra7 27. Qxe6+ Kg7 28. Qe5+ Kh6 29. Kb2 Qf2 30. Qf4+ Kg7 31. Re6 Rf7 32. Qe5+ Kh6 33. Qe1 Qxe1 34. Rxe1 Rd6 35. Kc3 Rf4 36. Re2 Kg5 37. b4 Kf6 38. Be4 Rh4 39. g3 Rh5 40. Kb3 Re5 41. c4 Re7 42. Ra2 Rc7 43. Ra6 Ke5 44. h4 Re6 45. b5 cxb5 46. cxb5 Re8 47. Kb4 Rb8 48. h5 gxh5 49. Rh6 Kd4 50. b6 Ke3 51. Kb5 Kf2 52. Rxh5 Kxg3 53. Ka6 Rg7 54. b7 Kf4 55. Ka7 Re8 56. Rh4+ Ke3 57. Kb6 Rb8 58. Bc6 Rh8 59. Rh6 Rg6 60. Rh5 h6 61. Re5+ Kf4 62. Rc5 Kg3 63. Re5 Kf4 64. Rh5 Ke3 65. Re5+ Kf4 1/2-1/2

[Event "LSS RB-2010-0-00102"]
[Site "LSS email"]
[Date "2011.01.03"]
[Round "?"]
[White "Morcin, Tom"]
[Black "Windheim, Charles"]
[Result "0-1"]
[WhiteElo "1900"]
[BlackElo "1921"]
[PlyCount "104"]
[EventDate "2010.10.24"]
[EventType "tourn (corr)"]
[EventRounds "6"]
[EventCountry "GER"]
[SourceTitle "Telechess CBM 145"]
[Source "Chessbase"]
[SourceDate "2011.11.11"]
[SourceVersion "1"]
[SourceVersionDate "2011.11.11"]
[SourceQuality "1"]

1. d4 Nf6 2. c4 e6 3. Nf3 Bb4+ 4. Bd2 Qe7 5. g3 Nc6 6. Nc3 Bxc3 7. Bxc3 Ne4 8. Rc1 0-0 9. Bg2 d6 10. 0-0 Nxc3 11. Rxc3 e5 12. d5 Nb8 13. Nd2 Nd7 14. Qc2 a5 15. Ra3 Ra6 16. Bh3 g6 17. Bxd7 Bxd7 18. Rc1 b6 19. Re1 f5 20. e3 Raa8 21. Nb1 Rac8 22. Kg2 Qg7 23. Nc3 f4 24. exf4 exf4 25. Ne4 Rce8 26. f3 Bf5 27. gxf4 Bxe4 28. Rxe4 Rxe4 29. fxe4 Rxf4 30. Rf3 Rh4 31. Rh3 Rxh3 32. Kxh3 Qh6+ 33. Kg2 Qe3 34. b3 Kg7 35. Kf1 Kf6 36. Qb2+ Kg5 37. Qg7 Qxe4 38. Kf2 Qf5+ 39. Ke3 Qe5+ 40. Qxe5+ dxe5 41. Ke4 Kf6 42. a3 g5 43. b4 axb4 44. axb4 h5 45. c5 bxc5 46. bxc5 g4 47. c6 Ke7 48. Kxe5 h4 49. Kf4 g3 50. hxg3 hxg3 51. Kxg3 Kd6 52. Kf4 Kxd5 0-1

[Event "LSS RB-2010-0-00101"]
[Site "LSS email"]
[Date "2010.12.22"]
[Round "?"]
[White "Lizorkina, Veronika"]
[Black "Windheim, Charles"]
[Result "1/2-1/2"]
[WhiteElo "1761"]
[BlackElo "1921"]
[PlyCount "51"]
[EventDate "2010.10.13"]
[EventType "tourn (corr)"]
[EventRounds "6"]
[EventCountry "GER"]
[SourceTitle "Telechess CBM 145"]
[Source "Chessbase"]
[SourceDate "2011.11.11"]
[SourceVersion "1"]
[SourceVersionDate "2011.11.11"]
[SourceQuality "1"]

1. e4 c5 2. Nf3 g6 3. d4 cxd4 4. Nxd4 Nc6 5. Nc3 Bg7 6. Be3 Nf6 7. Bc4 0-0 8. Bb3 a5 9. f3 d5 10. Bxd5 Nxd5 11. Nxd5 f5 12. Nxc6 bxc6 13. Nb6 Rb8 14. Qxd8 Rxd8 15. Rd1 Rxd1+ 16. Kxd1 fxe4 17. Nxc8 Rxc8 18. b3 exf3 19. gxf3 Rd8+ 20. Ke2 Rd5 21. c4 Rh5 22. Bd2 Kf7 23. Kf2 Be5 24. Kg2 Bd6 25. a4 Bc7 26. h3 1/2-1/2

[Event "LSS RB-2010-0-00101"]
[Site "LSS email"]
[Date "2010.12.18"]
[Round "?"]
[White "Windheim, Charles"]
[Black "Morcin, Tom"]
[Result "1/2-1/2"]
[WhiteElo "1926"]
[BlackElo "1888"]
[PlyCount "78"]
[EventDate "2010.10.13"]
[EventType "tourn (corr)"]
[EventRounds "6"]
[EventCountry "GER"]
[SourceTitle "Telechess CBM 143"]
[Source "ChessBase"]
[SourceDate "2011.07.15"]
[SourceVersion "1"]
[SourceVersionDate "2011.07.15"]
[SourceQuality "1"]

1. e4 e5 2. Nf3 Nc6 3. d4 exd4 4. Bc4 Nf6 5. e5 d5 6. Bb5 Ne4 7. Nxd4 Bd7 8. Bxc6 bxc6 9. 0-0 Bc5 10. f3 Ng5 11. f4 Ne4 12. Be3 Qb8 13. Nc3 Qxb2 14. Nxe4 dxe4 15. Qd2 Rd8 16. Rfb1 Qa3 17. Rb3 Qa6 18. Qc3 Be7 19. Rbb1 0-0 20. Nb3 Be6 21. Bc5 Bxc5+ 22. Nxc5 Qe2 23. Re1 Qd2 24. Re3 Rfe8 25. Rae1 Bxa2 26. Ra1 Bc4 27. Nxe4 Qxc3 28. Rxc3 Rd4 29. Ra4 Rd1+ 30. Kf2 Bd5 31. Re3 a5 32. Kg3 f6 33. exf6 Rc1 34. Re2 h6 35. fxg7 Kxg7 36. Kf2 Bxe4 37. Raxe4 Rxe4 38. Rxe4 Rxc2+ 39. Kf3 Rc3+ 1/2-1/2

[Event "LSS RB-2010-0-00097"]
[Site "LSS email"]
[Date "2010.10.14"]
[Round "?"]
[White "Correa de Almeida, Claudio"]
[Black "Windheim, Charles"]
[Result "0-1"]
[WhiteElo "1813"]
[BlackElo "1933"]
[PlyCount "110"]
[EventDate "2010.08.23"]
[EventType "tourn (corr)"]
[EventRounds "6"]
[EventCountry "GER"]
[SourceTitle "Telechess CBM 143"]
[Source "ChessBase"]
[SourceDate "2011.07.15"]
[SourceVersion "1"]
[SourceVersionDate "2011.07.15"]
[SourceQuality "1"]

1. e4 c5 2. Nf3 g6 3. d4 cxd4 4. Nxd4 Nc6 5. c4 Nf6 6. Nc3 d6 7. Be2 Nxd4 8. Qxd4 Bg7 9. Be3 0-0 10. Qd2 Be6 11. Rc1 Qa5 12. f3 Rfc8 13. b3 a6 14. Na4 Qxd2+ 15. Kxd2 Nd7 16. g4 h6 17. f4 b5 18. cxb5 axb5 19. Bxb5 Nf6 20. Bc6 Rxc6 21. Rxc6 Nxe4+ 22. Kc1 Bxg4 23. Rc2 Bf5 24. Rc7 h5 25. Rg1 d5 26. Rd1 e6 27. a3 Rb8 28. b4 Ra8 29. Ra7 Rc8+ 30. Nc5 h4 31. Bg1 Nd6 32. Rf1 Nc4 33. Rf2 Bh6 34. Kd1 d4 35. Ke2 Re8 36. Kf1 e5 37. fxe5 Bh3+ 38. Ke1 Nxe5 39. Kd1 Be3 40. Rb7 Bg4+ 41. Kc2 Nf3 42. Kd3 Bf5+ 43. Kc4 Nxg1 44. Rf1 Nh3 45. Rb6 Bg4 46. Re1 Ng5 47. Rh1 Be2+ 48. Kb3 d3 49. Rd6 d2 50. Kc2 Nf3 51. Kc3 Bf4 52. Rd5 Re3+ 53. Kc2 Rxa3 54. Kb2 Re3 55. Kc2 Be5 0-1

[Event "LSS RB-2010-0-00097"]
[Site "LSS email"]
[Date "2010.10.14"]
[Round "?"]
[White "Windheim, Charles"]
[Black "Herzog, Klaus"]
[Result "1-0"]
[WhiteElo "1920"]
[BlackElo "1814"]
[PlyCount "53"]
[EventDate "2010.08.23"]
[EventType "tourn (corr)"]
[EventRounds "6"]
[EventCountry "GER"]
[SourceTitle "Telechess CBM 143"]
[Source "ChessBase"]
[SourceDate "2011.07.15"]
[SourceVersion "1"]
[SourceVersionDate "2011.07.15"]
[SourceQuality "1"]

1. e4 e5 2. Nf3 Nc6 3. d4 exd4 4. Bc4 Nf6 5. e5 d5 6. Bb5 Ne4 7. Nxd4 Bd7 8. Bxc6 bxc6 9. 0-0 Bc5 10. f3 Ng5 11. f4 Ne4 12. Be3 Bb6 13. Nd2 c5 14. N4f3 Nxd2 15. Qxd2 d4 16. Bf2 Bc6 17. a4 a5 18. Qd3 Qd5 19. Rfe1 0-0 20. b3 Rae8 21. f5 Bb7 22. Re2 Qd7 23. Bh4 Bd5 24. f6 Qg4 25. fxg7 Qxg7 26. c4 Bb7 27. Rf1 1-0